Spieler von SC Freiburg – Sudden Death - Statistiken

Allgemein
  • Dieses Quiz wurde 219 mal gespielt
  • Das Durchschnittsergebnis liegt bei 12 aus 15
Answers on the Grid
Answers color-coded by a green-red scale on the quiz's grid according to % correct below.
Vincenzo Grifo
Matthias Ginter
Johan Manzambi
Philipp Lienhart
Çağlar Söyüncü
Baptiste Santamaria
Kiliann Sildillia
Ritsu Doan
Nico Schlotterbeck
Robin Koch
Ryan Kent
Roman Bürki
Papiss Cissé
Christian Günter
Joachim Löw
Nick Woltemade
Francesco Totti
Toni Kroos
Marc Cucurella
Xherdan Shaqiri
Arda Turan
Pierre-Emerick Aubameyang
Thilo Kehrer
Benjamin Pavard
 
Antwortstatistiken
Antwort % Korrekt
Christian Günter
95%
Matthias Ginter
92%
Vincenzo Grifo
92%
Ritsu Doan
91%
Philipp Lienhart
90%
Nico Schlotterbeck
89%
Kiliann Sildillia
83%
Joachim Löw
82%
Çağlar Söyüncü
81%
Johan Manzambi
80%
Robin Koch
80%
Baptiste Santamaria
78%
Papiss Cissé
77%
Roman Bürki
77%
Ryan Kent
56%
Keine übereinstimmenden Quizze gefunden
Verteilung der Resultate
Anzahl Personen mit jedem Resultat
Perzentil nach korrekt beantworteten Fragen
Ihre Resultats-Entwicklung
Sie haben dieses Quiz noch nicht gespielt